Scholastic treasury of quotations for children / (Record no. 305909)
[ view plain ]
| 000 -LEADER | |
|---|---|
| fixed length control field | 00543nam a2200205Ia 4500 |
| 008 - FIXED-LENGTH DATA ELEMENTS--GENERAL INFORMATION | |
| fixed length control field | 170203s9999 xx 000 0 und d |
| 020 ## - INTERNATIONAL STANDARD BOOK NUMBER | |
| International Standard Book Number | 0 590271466 |
| 050 ## - LIBRARY OF CONGRESS CALL NUMBER | |
| Classification number | 0 80 |
| 050 ## - LIBRARY OF CONGRESS CALL NUMBER | |
| Item number | B562t 1998 |
| 100 ## - MAIN ENTRY--PERSONAL NAME | |
| Personal name | Betz, Adrienne. |
| 245 ## - TITLE STATEMENT | |
| Title | Scholastic treasury of quotations for children / |
| 245 ## - TITLE STATEMENT | |
| Statement of responsibility, etc | compiled and written by Adrienne Betz. |
| 260 ## - PUBLICATION, DISTRIBUTION, ETC. (IMPRINT) | |
| Place of publication, distribution, etc | New York : |
| 260 ## - PUBLICATION, DISTRIBUTION, ETC. (IMPRINT) | |
| Name of publisher, distributor, etc | Scholastic Reference, |
| 260 ## - PUBLICATION, DISTRIBUTION, ETC. (IMPRINT) | |
| Date of publication, distribution, etc | 1998 |
| 300 ## - PHYSICAL DESCRIPTION | |
| Extent | 254 pages ; |
| 300 ## - PHYSICAL DESCRIPTION | |
| Dimensions | 24 cm. |
| 650 ## - SUBJECT ADDED ENTRY--TOPICAL TERM | |
| Topical term or geographic name as entry element | Quotations, English. |
| 650 ## - SUBJECT ADDED ENTRY--TOPICAL TERM | |
| Topical term or geographic name as entry element | Quotations. |
| Withdrawn status | Lost status | Damaged status | Home library | Current library | Shelving location | Date acquired | Total Checkouts | Full call number | Barcode | Date last seen | Price effective from | Koha item type |
|---|---|---|---|---|---|---|---|---|---|---|---|---|
| Stonyhurst Southville International School (Batangas) | Stonyhurst Southville International School (Batangas) | 02/03/2017 | Ref. 080 .B562t 1998 | US- 0992 | 02/03/2017 | 02/03/2017 | Books |